Statistics for English Football Club Badges #6

Click here to take the quiz!

General Stats

  • This quiz has been taken 426 times
  • The average score is 11 of 16

Answer Stats

Answer% Correct
Norwich City
98%
Wolverhampton Wanderers
98%
Southampton
94%
Cardiff City
92%
Reading
92%
Wrexham
88%
Barnsley
80%
Mansfield Town
76%
Southend United
62%
Yeovil Town
59%
Oldham Athletic
55%
Hereford
52%
Rochdale
47%
Harrogate Town
36%
Bury
30%
Chester
19%

Score Distribution

Percentile by Number Answered

Percent of People with Each Score

Your Score History

You have not taken this quiz